000 00433nam a22001817a 4500
003 OSt
005 20260422115025.0
008 201117b ||||| |||| 00| 0 eng d
020 _a9789385401350
082 _a339 AHM
100 _aAhuja, H. L.
245 _aMacroeconomics :Theory and Policy
250 _a20 ed
260 _aNew Delhi
_bS Chand & Company
_c2019
300 _a936
650 _aB.A Economics
942 _2ddc
_cBK
999 _c9113
_d9113